Statistics for Most Expensive Football Transfers

Click here to take the quiz!

General Stats

  • This quiz has been taken 105 times
    (45 since last reset)
  • The average score is 21 of 25

Answer Stats

From:To:Price (£M):Answer% Correct
Real MadridJuventus£88.5Cristiano Ronaldo
100%
Manchester UnitedReal Madrid£80Cristiano Ronaldo
100%
MonacoPSG£120Kylian Mbappé
100%
BarcelonaPSG£198Neymar
100%
Borussia DortmundBarcelona£97Ousmane Dembélé
95%
LiverpoolBarcelona£106Philippe Coutinho
95%
Tottenham HotspurReal Madrid£86Gareth Bale
93%
JuventusManchester United£89Paul Pogba
90%
Athletic BilbaoChelsea£71.6Kepa Arrizabalaga
88%
SouthamptonLiverpool£75Virgil van Dijk
88%
ChelseaReal Madrid£89Eden Hazard
83%
Leicester CityManchester United£80Harry Maguire
83%
Atletico MadridBarcelona£107Antoine Griezmann
81%
AjaxBarcelona£65Frenkie de Jong
81%
AjaxJuventus£67.5Matthijs de Ligt
81%
LiverpoolBarcelona£65Luis Suárez
79%
LiverpoolBarcelona£75Luis Suárez
79%
NapoliJuventus£75.3Gonzalo Higuaín
76%
BenficaAtletico Madrid£116João Félix
76%
LilleArsenal£72Nicolas Pépé
74%
EvertonManchester United£75Romelu Lukaku
74%
Atlético MadridBayern Munich£70Lucas Hernandez
69%
Atletico MadridManchester City£63Rodri
64%
MonacoReal Madrid£63James Rodríguez
60%
MonacoAtletico Madrid£63Thomas Lemar
60%

Score Distribution

Percentile by Number Answered

Percent of People with Each Score

Your Score History

You have not taken this quiz since the last reset